00573cam a22001931 450000100060000000300080000600500170001400800410003103500190007203500190009104000400011004100080015008200310015810000280018924500650021726000430028230000240032565000300034916904BD-RjUL20211209000050.0140215s1947 nyu 000 0 eng d a(BD-RjUL)16960 a(OCoLC)2180951 aDLCcNcGUdOCoLCdDLCdBD-RjULbeng aeng00223a 823.0108092bWIB 19471 aWilbur, Richard,d1921-14aThe beautiful changes :band other poems /c Richard, Wilbur aNew York :bReynal & Hitchcock,cc1947 avi, 55 p. ;c22 cm. 0a Love stories, English.